[Event "World Rapid Women 2017"]
[Site "Riyadh KSA"]
[Date "2017.12.28"]
[Round "12.17"]
[White "Lagno, Kateryna"]
[Black "Hoang, Thanh Trang"]
[Result "1-0"]
[WhiteTitle "GM"]
[BlackTitle "GM"]
[WhiteElo "2547"]
[BlackElo "2439"]
[WhiteFideId "14109336"]
[BlackFideId "12400149"]
[EventDate "2017.12.26"]

1. e4 e6 2. d4 d5 3. Nd2 Be7 4. Ngf3 Nf6 5. e5 Nfd7 6. Bd3 c5 7. c3 b6 8. O-O
Ba6 9. Bxa6 Nxa6 10. Ne1 b5 11. Qg4 O-O 12. Ndf3 Kh8 13. Nd3 Rc8 14. Nf4 Nc7 15.
Nh5 Rg8 16. Ng5 Bxg5 17. Bxg5 f6 18. Bf4 g5 19. Bd2 f5 20. Qe2 c4 21. a4 bxa4
22. Rxa4 a6 23. Rb4 Qe7 24. Rb7 Qf7 25. Ra1 Rg6 26. Ra5 f4 27. Qg4 Rh6 28. Nf6
Nxf6 29. exf6 Rxf6 30. Qxg5 Rf5 31. Qg4 Rg8 32. Qf3 Qg6 33. h4 Rf7 34. Ra1 Rfg7
35. Bxf4 Qxg2+ 36. Qxg2 Rxg2+ 37. Kh1 1-0

[Event "World Rapid Women 2017"]
[Site "Riyadh KSA"]
[Date "2017.12.28"]
[Round "12.18"]
[White "Vo, Thi Kim Phung"]
[Black "Stefanova, Antoaneta"]
[Result "0-1"]
[WhiteTitle "WGM"]
[BlackTitle "GM"]
[WhiteElo "2380"]
[BlackElo "2500"]
[WhiteFideId "12401838"]
[BlackFideId "2902257"]
[EventDate "2017.12.26"]

1. d4 d5 2. c4 c6 3. Nc3 Nf6 4. Nf3 a6 5. c5 Bf5 6. Bf4 Nbd7 7. h3 e6 8. e3 Be7
9. Be2 O-O 10. O-O Ne4 11. Ne5 Nxe5 12. Bxe5 Qd7 13. Na4 Bd8 14. f3 Nf6 15. Bd6
Re8 16. g4 Bg6 17. g5 Nh5 18. Kh2 b5 19. Nc3 f6 20. f4 Qf7 21. a4 b4 22. Na2 a5
23. Nc1 Be7 24. Bxe7 Rxe7 25. Nb3 Qe8 26. Rg1 Kh8 27. Qe1 fxg5 28. Bxh5 Bxh5 29.
Rxg5 Bg6 30. Rc1 Rf7 31. Nd2 Rf5 32. Nf3 Rxg5 33. Nxg5 Bh5 34. h4 h6 35. Nh3 Bg4
36. Nf2 Qh5 37. Kg3 Bf3 38. Qf1 Rf8 39. Qh3 Rf6 40. Kh2 Rg6 41. Rg1 Rxg1 42.
Kxg1 Qg6+ 43. Kh2 Bh5 44. Qg2 Qc2 45. Nh1 Qxg2+ 46. Kxg2 Bd1 47. Kf2 Bxa4 48.
Ke1 Bc2 49. Kd2 Bf5 50. Ng3 Bg4 51. Kc2 Kg8 52. Nf1 Kf7 53. Nh2 Be2 54. Kd2 Bh5
55. Nf1 Kf6 56. Ng3 Bf3 57. Kc2 a4 58. Kc1 g6 59. Kc2 Be4+ 60. Kd2 Bb1 61. Kc1
Bd3 62. Kd2 Bf5 63. Kc1 g5 64. hxg5+ hxg5 65. Kd2 g4 66. Kc1 Ke7 67. Kd2 Kd7 68.
Kc1 Kc7 69. Ne2 Kb7 70. b3 axb3 71. Kb2 Bc2 72. Ng3 Ka6 73. e4 dxe4 74. f5 exf5
75. Nxf5 Kb7 0-1

[Event "World Rapid Women 2017"]
[Site "Riyadh KSA"]
[Date "2017.12.28"]
[Round "12.19"]
[White "Javakhishvili, Lela"]
[Black "Mammadova, Gulnar"]
[Result "1-0"]
[WhiteTitle "IM"]
[BlackTitle "IM"]
[WhiteElo "2449"]
[BlackElo "2357"]
[WhiteFideId "13601458"]
[BlackFideId "13403508"]
[EventDate "2017.12.26"]

1. d4 d5 2. Nf3 Nf6 3. c4 c6 4. Qc2 Na6 5. g3 Nb4 6. Qa4 a5 7. a3 Na6 8. Bg2
dxc4 9. Qxc4 Be6 10. Qc2 g6 11. Ng5 Nc7 12. Bf4 Rc8 13. Bxc7 Rxc7 14. Nxe6 fxe6
15. Qc4 Qd6 16. Nc3 b5 17. Qb3 Bh6 18. O-O Kf7 19. Rad1 b4 20. Na4 Rb8 21. e4
Ne8 22. Nc5 Ng7 23. Na6 Rcb7 24. Nxb8 Qxb8 25. a4 Rd7 26. Qc4 Qb6 27. d5 exd5
28. exd5 c5 29. Bh3 Rd6 30. Qh4 g5 31. Qe4 Rg6 32. Rfe1 Qd6 33. Bg4 Kf8 34. b3
Ne8 35. Bf5 Rg7 36. Qe6 Rf7 37. Qc8 Qc7 38. d6 Qxc8 39. dxe7+ Rxe7 40. Bxc8
Rxe1+ 41. Rxe1 Bg7 42. Ba6 Nc7 43. Bc4 Bf6 44. Kg2 h5 45. f4 gxf4 46. gxf4 Kg7
47. Kf3 Kg6 48. Rd1 Bd4 49. Ke4 Ne8 50. Rd2 Nf6+ 51. Kf3 Kf5 52. Re2 h4 53. Bd3+ 1-0

[Event "World Rapid Women 2017"]
[Site "Riyadh KSA"]
[Date "2017.12.28"]
[Round "12.20"]
[White "Zhukova, Natalia"]
[Black "Vijayalakshmi, Subbaraman"]
[Result "0-1"]
[WhiteTitle "GM"]
[BlackTitle "IM"]
[WhiteElo "2444"]
[BlackElo "2357"]
[WhiteFideId "14101513"]
[BlackFideId "5004098"]
[EventDate "2017.12.26"]

1. c4 Nf6 2. Nc3 g6 3. e4 d6 4. d4 Bg7 5. Nf3 O-O 6. Be2 Nc6 7. O-O e5 8. d5 Ne7
9. b4 a5 10. Ba3 axb4 11. Bxb4 b6 12. a4 Nh5 13. g3 f5 14. a5 bxa5 15. Bxa5 fxe4
16. Ng5 e3 17. Bxh5 gxh5 18. Qxh5 h6 19. Nge4 exf2+ 20. Nxf2 Bf5 21. Nb5 Rxa5
22. Rxa5 c6 23. Ra6 cxb5 24. c5 dxc5 25. g4 Bc8 26. Rxh6 Qxd5 27. Qg5 Bb7 28.
Ne4 Qxe4 29. Rxf8+ Kxf8 30. Kf2 0-1

[Event "World Rapid Women 2017"]
[Site "Riyadh KSA"]
[Date "2017.12.28"]
[Round "12.21"]
[White "Hoolt, Sarah"]
[Black "Gvetadze, Sofio"]
[Result "1-0"]
[WhiteTitle "WGM"]
[BlackTitle "IM"]
[WhiteElo "2405"]
[BlackElo "2289"]
[WhiteFideId "24606812"]
[BlackFideId "13601440"]
[EventDate "2017.12.26"]

1. e4 c5 2. d3 g6 3. g3 Bg7 4. Bg2 Nc6 5. f4 d6 6. c3 Nf6 7. Nf3 O-O 8. O-O c4
9. e5 Ng4 10. d4 d5 11. Nh4 Nh6 12. Qf3 e6 13. Nd2 f6 14. Qe2 f5 15. b3 cxb3 16.
axb3 Qb6 17. Nhf3 Nf7 18. Ba3 Re8 19. Bc5 Qc7 20. c4 dxc4 21. bxc4 Ne7 22. Nb3
Bd7 23. Rfd1 Bf8 24. Rac1 Ba4 25. Qe3 Rad8 26. Ra1 Bc6 27. Rxa7 Nc8 28. Ra2 Nb6
29. Qc3 Na4 30. Qb4 Nxc5 31. Nxc5 b6 32. Na6 Qb7 33. Qb3 Be4 34. Nh4 g5 35. fxg5
Nxg5 36. d5 exd5 37. cxd5 Rxe5 38. Bxe4 Nxe4 39. Nb4 Bxb4 40. Qxb4 Qc7 41. Nxf5
Nc3 42. Qg4+ Kf8 43. Rf1 Nxa2 44. Nh6+ Ke8 45. Qg8+ Kd7 46. Rf7+ Re7 47. Qg4+
Kd6 48. Nf5+ Kxd5 49. Nxe7+ Kc5 50. Rf5+ Kd6 51. Rd5+ Kxe7 52. Qg7+ Ke6 53. Qxc7
Rxd5 54. Qxb6+ Ke5 55. Qb2+ Kf5 56. Qxa2 Re5 57. Qc2+ Kf6 58. Qxh7 1-0

[Event "World Rapid Women 2017"]
[Site "Riyadh KSA"]
[Date "2017.12.28"]
[Round "12.22"]
[White "Gunina, Valentina"]
[Black "Zawadzka, Jolanta"]
[Result "1-0"]
[WhiteTitle "GM"]
[BlackTitle "WGM"]
[WhiteElo "2510"]
[BlackElo "2424"]
[WhiteFideId "4167570"]
[BlackFideId "1122320"]
[EventDate "2017.12.26"]

1. d4 d5 2. c4 e6 3. Nf3 Nf6 4. g3 Bb4+ 5. Bd2 Be7 6. Bg2 O-O 7. O-O c6 8. Qc2
b6 9. Bf4 Ba6 10. Nbd2 Nbd7 11. Rac1 Nh5 12. Be3 Nhf6 13. Bf4 Nh5 14. Be3 Nhf6
15. Bg5 h6 16. Bxf6 Bxf6 17. e4 dxc4 18. Nxc4 Rc8 19. Rfd1 Qc7 20. Ne3 Qb8 21.
Ng4 Rfd8 22. Nxf6+ Nxf6 23. b4 Bb7 24. Qe2 Qa8 25. Ne5 a5 26. a3 axb4 27. axb4
Qa3 28. Qe1 c5 29. bxc5 bxc5 30. Rb1 Ba8 31. Nc4 Qa7 32. Nb6 Rb8 33. dxc5 Bc6
34. Qe3 Qa2 35. Rbc1 Ng4 36. Qf4 h5 37. h3 e5 38. Qf5 Rxd1+ 39. Rxd1 Qc2 40. Rf1
g6 41. Qg5 Qxc5 42. hxg4 Rxb6 43. gxh5 Bb5 44. Rc1 Qd6 45. hxg6 fxg6 46. Rc8+
Kg7 47. Qh4 Qd1+ 48. Kh2 Qh5 49. Rc7+ Kf8 50. Qxh5 gxh5 51. Rc5 Be2 52. Rxe5 Rf6
53. f3 Bxf3 54. Bxf3 Rxf3 55. Rf5+ Rxf5 56. exf5 Kg7 57. Kh3 Kh7 58. Kh4 Kh6 59.
f6 Kg6 60. f7 1-0

[Event "World Rapid Women 2017"]
[Site "Riyadh KSA"]
[Date "2017.12.28"]
[Round "12.23"]
[White "Savina, Anastasia"]
[Black "Tan, Zhongyi"]
[Result "1/2-1/2"]
[WhiteTitle "IM"]
[BlackTitle "GM"]
[WhiteElo "2350"]
[BlackElo "2517"]
[WhiteFideId "4196872"]
[BlackFideId "8603642"]
[EventDate "2017.12.26"]

1. d4 Nf6 2. c4 e6 3. Nc3 Bb4 4. e3 O-O 5. Bd3 d5 6. Ne2 dxc4 7. Bxc4 c5 8. a3
Bxc3+ 9. bxc3 Qc7 10. Bd3 b6 11. e4 cxd4 12. cxd4 Ba6 13. Bg5 Bxd3 14. Qxd3 Nbd7
15. O-O Rac8 16. Rfc1 Qb7 17. f3 h6 18. Bxf6 Nxf6 19. a4 Rxc1+ 20. Rxc1 Rc8 21.
Rxc8+ Qxc8 22. Qb5 Ne8 23. Qb4 Qc7 24. Nc3 Nd6 25. h3 a6 26. d5 e5 27. Kh2 f6
28. Ne2 Kf7 29. Ng3 Qc5 30. Qd2 b5 31. Qa5 Qc8 32. Qb6 Ke7 33. Nf5+ Nxf5 34.
exf5 Qxf5 35. axb5 axb5 36. Qxb5 Qf4+ 37. Kh1 Qc1+ 38. Kh2 Kd6 39. Qb6+ Kxd5 40.
Qd8+ Ke6 41. Qg8+ Kf5 42. Qxg7 Qf4+ 43. Kh1 Qg5 44. Qd7+ Kg6 45. Qe8+ Kg7 46.
Qe7+ Kg6 47. Qe8+ 1/2-1/2

[Event "World Rapid Women 2017"]
[Site "Riyadh KSA"]
[Date "2017.12.28"]
[Round "12.25"]
[White "Mkrtchian, Lilit"]
[Black "Berend, Elvira"]
[Result "0-1"]
[WhiteTitle "IM"]
[BlackTitle "WGM"]
[WhiteElo "2376"]
[BlackElo "2303"]
[WhiteFideId "13300601"]
[BlackFideId "4000510"]
[EventDate "2017.12.26"]

1. c4 e5 2. g3 Nc6 3. Nc3 Bc5 4. Bg2 d6 5. e3 a6 6. Nf3 Ba7 7. O-O Nf6 8. d4
exd4 9. Nxd4 Nxd4 10. exd4 O-O 11. Re1 c6 12. h3 Be6 13. b3 Re8 14. Bf4 d5 15.
c5 b6 16. cxb6 Qxb6 17. Be3 Qa5 18. Rc1 Bf5 19. g4 Bd7 20. Na4 Ne4 21. f3 Nf6
22. Bf2 h6 23. Qd3 Nh7 24. Qc3 Qc7 25. Nc5 Bxc5 26. dxc5 Ng5 27. Bd4 Qg3 28. Kf1
Nxh3 29. Rxe8+ Rxe8 30. Re1 Nf4 31. Rxe8+ Bxe8 32. Qd2 Nxg2 33. Qxg2 Qf4 34. Qf2
Bd7 35. Kg2 f5 36. gxf5 Bxf5 37. Qb2 Qg5+ 38. Kf2 Bh3 39. Qc3 h5 40. Be5 Qg2+
41. Ke3 Qg1+ 42. Kd2 Qf2+ 43. Kc1 Bf5 44. Bd4 Qg2 45. Kd1 h4 46. Qe3 Qg6 47. Qf4
h3 48. Be5 Qg1+ 49. Kd2 Qf2+ 50. Kc3 Qxc5+ 51. Kb2 Qf8 52. Qg3 Qf7 53. b4 Be6
54. Qg5 Qf8 55. Qg6 Qxb4+ 56. Kc1 Qe1+ 57. Kc2 Qe2+ 58. Kc1 Qxe5 0-1

[Event "World Rapid Women 2017"]
[Site "Riyadh KSA"]
[Date "2017.12.28"]
[Round "12.26"]
[White "Cori T., Deysi"]
[Black "Socko, Monika"]
[Result "0-1"]
[WhiteTitle "WGM"]
[BlackTitle "GM"]
[WhiteElo "2389"]
[BlackElo "2471"]
[WhiteFideId "3801934"]
[BlackFideId "1106619"]
[EventDate "2017.12.26"]

1. d4 Nf6 2. c4 e6 3. Nf3 d5 4. Nc3 Be7 5. Bg5 O-O 6. e3 Nbd7 7. Bd3 dxc4 8.
Bxc4 c5 9. O-O Nb6 10. Bb3 cxd4 11. exd4 h6 12. Bh4 Nfd5 13. Bxe7 Qxe7 14. Ne4
Bd7 15. Nc5 Bb5 16. Re1 Rad8 17. a4 Bc6 18. Ne5 Nf4 19. Nxc6 bxc6 20. Re4 Nbd5
21. Qf3 Qf6 22. Rae1 Ng6 23. Qg3 Qg5 24. Rg4 Qd2 25. Rd1 Qxb2 26. h4 Nc3 27. Re1
Qd2 28. Re3 Nd5 29. Rf3 h5 30. Rg5 Qxd4 31. Rxg6 fxg6 32. Rxf8+ Rxf8 33. Nxe6
Qa1+ 34. Kh2 Re8 35. Ng5 Qe5 36. f4 Qe3 37. Bxd5+ cxd5 38. Nf3 Rf8 39. Qxg6
Qxf4+ 40. Kh1 Qf7 41. Qd3 Rc8 42. Qd2 Qf5 43. Kh2 Rc4 44. Qa5 Qf4+ 45. Kh3 Qg4+
46. Kh2 Qd7 47. Ne5 Qd6 48. Qe1 Re4 0-1

[Event "World Rapid Women 2017"]
[Site "Riyadh KSA"]
[Date "2017.12.28"]
[Round "12.27"]
[White "Gaponenko, Inna"]
[Black "Batchimeg, Tuvshintugs"]
[Result "1/2-1/2"]
[WhiteTitle "IM"]
[BlackTitle "IM"]
[WhiteElo "2435"]
[BlackElo "2398"]
[WhiteFideId "14101181"]
[BlackFideId "4900839"]
[EventDate "2017.12.26"]

1. e4 e6 2. d4 d5 3. exd5 exd5 4. Nf3 Bd6 5. c4 dxc4 6. Bxc4 Nf6 7. O-O O-O 8.
Nc3 Bg4 9. h3 Bh5 10. g4 Bg6 11. Ne5 c5 12. Nxg6 hxg6 13. dxc5 Bxc5 14. Qxd8
Rxd8 15. Be3 Nbd7 16. g5 Ne8 17. Bd5 Bxe3 18. fxe3 Ne5 19. Rad1 Nd6 20. Rf2 Rab8
21. Rc2 Rbc8 22. Kf2 b6 23. Bg2 Ndc4 24. Rxd8+ Rxd8 25. Nd5 Nxb2 26. Rc7 a5 27.
Nxb6 Rd2+ 28. Kg1 Nbd3 29. a4 Ne1 30. Bd5 N1f3+ 31. Bxf3 Nxf3+ 32. Kf1 Nxg5 33.
Rc5 Nxh3 34. Rxa5 g5 35. Nc4 Rf2+ 36. Ke1 g4 37. Rh5 Ra2 38. a5 g6 39. Rh4 f5
40. Kf1 Kg7 41. e4 Ra4 42. Nd6 Ra1+ 43. Kg2 Nf4+ 44. Kg3 Nh5+ 45. Kg2 Ra2+ 46.
Kg1 Ra1+ 47. Kg2 Nf4+ 48. Kg3 Ne2+ 49. Kf2 g3+ 50. Kf3 f4 51. Rg4 Ra2 52. e5
Nd4+ 53. Kxf4 g2 54. Ke4 Ne6 55. Kf3 Nd4+ 56. Ke4 Ne6 57. Kf3 Rxa5 58. Rxg2 Rxe5
59. Ne4 Nd4+ 60. Ke3 Ne6 61. Kf3 Rf5+ 62. Ke3 Nf4 63. Rg5 Nd5+ 64. Kd4 Rxg5 65.
Nxg5 Nf4 66. Ke4 Ne2 67. Ke3 Ng3 68. Kf4 Nh5+ 69. Ke5 Ng3 70. Ne6+ Kh6 71. Nf4
g5 72. Nh3 1/2-1/2

[Event "World Rapid Women 2017"]
[Site "Riyadh KSA"]
[Date "2017.12.28"]
[Round "12.28"]
[White "Ding, Yixin"]
[Black "Melia, Salome"]
[Result "1/2-1/2"]
[WhiteTitle "WGM"]
[BlackTitle "IM"]
[WhiteElo "2424"]
[BlackElo "2404"]
[WhiteFideId "8602972"]
[BlackFideId "13602446"]
[EventDate "2017.12.26"]

1. d4 Nf6 2. Bf4 b6 3. Nf3 Bb7 4. e3 g6 5. Nbd2 Bg7 6. Bd3 d6 7. h3 Nbd7 8. O-O
O-O 9. e4 Nh5 10. Be3 e5 11. c3 d5 12. dxe5 Nxe5 13. Nxe5 Bxe5 14. exd5 Bxd5 15.
Be4 Nf6 16. Bxd5 Nxd5 17. Bh6 Bg7 18. Bxg7 Kxg7 19. Ne4 Nf6 20. Nxf6 Qxf6 21.
Qd7 c5 22. Rad1 Rfe8 23. Qb7 a5 24. Rd3 Rab8 25. Qc7 Rbc8 26. Qb7 Rb8 27. Qc7
Rbd8 28. Rf3 Qe6 29. Re3 Qf6 30. Rf3 Qe6 31. Re3 Qf6 32. Rf3 1/2-1/2

[Event "World Rapid Women 2017"]
[Site "Riyadh KSA"]
[Date "2017.12.28"]
[Round "12.29"]
[White "Buksa, Nataliya"]
[Black "Voit, Daria"]
[Result "0-1"]
[WhiteTitle "WGM"]
[BlackTitle "FM"]
[WhiteElo "2385"]
[BlackElo "2390"]
[WhiteFideId "14123622"]
[BlackFideId "4182146"]
[EventDate "2017.12.26"]

1. d4 Nf6 2. Nc3 d5 3. Bf4 e6 4. e3 Bd6 5. Nf3 O-O 6. Bd3 Bxf4 7. exf4 c5 8.
dxc5 Qa5 9. Qe2 Qxc5 10. O-O-O Nc6 11. Ne5 a6 12. g4 Qb4 13. Qd2 Nxe5 14. fxe5
Nxg4 15. a3 Qe7 16. Qf4 f5 17. exf6 Nxf6 18. Qg5 Bd7 19. Rde1 Rae8 20. f4 Qf7
21. Rhg1 Nh5 22. Kb1 Nxf4 23. Ref1 g6 24. Ne2 e5 25. Nxf4 exf4 26. h4 Bb5 27.
Bxg6 hxg6 28. Rxf4 Qg7 29. Qxd5+ Kh8 30. Rfg4 Rf1+ 31. Rxf1 Bxf1 32. Qd2 Re5 33.
Rd4 Bb5 34. a4 Bc6 35. Ka2 Qf7+ 36. b3 Kh7 37. Rf4 Rf5 38. Rc4 Qf6 39. h5 Rxh5
40. Rf4 Rf5 41. Qh2+ Kg7 42. Rh4 Rf2 43. Qc7+ Qf7 44. Qe5+ Qf6 45. Qc7+ Kf8 46.
Qb8+ Be8 47. Rc4 Rf1 48. Ka3 a5 49. c3 Qe7+ 50. b4 axb4+ 51. Rxb4 Qc5 52. Qg3
Bf7 53. Qd3 Ra1+ 54. Kb2 Ra2+ 55. Kc1 Qg1+ 56. Qd1 Ra1+ 0-1

[Event "World Rapid Women 2017"]
[Site "Riyadh KSA"]
[Date "2017.12.28"]
[Round "12.30"]
[White "Munguntuul, Batkhuyag"]
[Black "Kovanova, Baira"]
[Result "1-0"]
[WhiteTitle "IM"]
[BlackTitle "WGM"]
[WhiteElo "2397"]
[BlackElo "2367"]
[WhiteFideId "4900758"]
[BlackFideId "4164083"]
[EventDate "2017.12.26"]

1. e4 e5 2. Nf3 d6 3. d4 exd4 4. Nxd4 Nf6 5. Nc3 Be7 6. Bf4 O-O 7. Qd2 a6 8.
O-O-O b5 9. f3 c5 10. Nf5 Bxf5 11. exf5 Nc6 12. g4 Nd4 13. g5 b4 14. Ne2 Nh5 15.
Nxd4 cxd4 16. f6 gxf6 17. gxf6 Bxf6 18. Bh6 Re8 19. Bd3 Qa5 20. Kb1 Kh8 21. Qg2
Qe5 22. Qh3 Qc5 23. Bf5 Re5 24. Be4 Rae8 25. Bd3 a5 26. Rhg1 a4 27. f4 Re3 28.
Qd7 b3 29. Qxf7 bxc2+ 30. Bxc2 d3 31. Bxd3 R3e7 32. Qc4 Qf2 33. Qc2 Qb6 34. Bc4
Rc7 35. Rde1 Rb8 36. Rg2 d5 37. Qxa4 Qxb2+ 38. Rxb2 Rxb2+ 39. Kc1 1-0

[Event "World Rapid Women 2017"]
[Site "Riyadh KSA"]
[Date "2017.12.28"]
[Round "12.31"]
[White "Skripchenko, Almira"]
[Black "Gevorgyan, Maria"]
[Result "1-0"]
[WhiteTitle "IM"]
[BlackTitle "WIM"]
[WhiteElo "2403"]
[BlackElo "2275"]
[WhiteFideId "13900145"]
[BlackFideId "13300270"]
[EventDate "2017.12.26"]

1. e4 c5 2. Nf3 e6 3. d3 d5 4. Nbd2 Nc6 5. g3 Nf6 6. Bg2 Be7 7. O-O O-O 8. Re1
b5 9. a4 bxa4 10. exd5 exd5 11. d4 Rb8 12. Rxa4 c4 13. Ne5 Nxd4 14. c3 Ne6 15.
Nc6 Qc7 16. Nxb8 Qxb8 17. Nf1 Bc5 18. Ne3 Rd8 19. Qc2 Bb6 20. Ra1 Nc5 21. Bf1
Qc7 22. Nf5 Nce4 23. Nd4 Bc5 24. Bf4 Qb6 25. f3 Bxd4+ 26. cxd4 Nd6 27. Bxd6
Qxd4+ 28. Qf2 Qxf2+ 29. Kxf2 Rxd6 30. Rxa7 Rd8 31. Rd1 Rf8 32. Ra8 Be6 33. Rxf8+
Kxf8 34. Ke3 Ke7 35. Kd4 Ne8 36. Ra1 Nd6 37. Re1 Kf6 38. f4 Nf5+ 39. Kc5 Ne7 40.
Bg2 g6 41. Re5 g5 42. Rxg5 Bf5 43. Bxd5 h6 44. Rh5 Kg6 45. Rh4 Nxd5 46. Kxd5
Be6+ 47. Ke5 Bf5 48. Rxh6+ 1-0

[Event "World Rapid Women 2017"]
[Site "Riyadh KSA"]
[Date "2017.12.28"]
[Round "12.32"]
[White "Li, Ruofan"]
[Black "Cornette, Deimante"]
[Result "1-0"]
[WhiteTitle "IM"]
[BlackTitle "IM"]
[WhiteElo "2351"]
[BlackElo "2439"]
[WhiteFideId "8600643"]
[BlackFideId "12802859"]
[EventDate "2017.12.26"]

1. d4 d5 2. c4 e6 3. Nc3 Bb4 4. cxd5 exd5 5. Bf4 Nf6 6. e3 O-O 7. Bd3 c5 8. Ne2
c4 9. Bc2 Nc6 10. O-O a6 11. Bg5 Be7 12. Nf4 Be6 13. Nxe6 fxe6 14. f4 b5 15. Rc1
b4 16. Ne2 Ng4 17. Bxe7 Qxe7 18. Rf3 Qh4 19. h3 Nf6 20. Ng3 Ne7 21. Qd2 a5 22.
e4 Rad8 23. e5 Ne8 24. f5 Nc7 25. f6 Nc6 26. Rf4 Qh6 27. Rcf1 g6 28. h4 Nb5 29.
h5 Qg5 30. hxg6 Qxg3 31. g7 Rf7 32. R1f3 Qg5 33. Bxh7+ Kxh7 34. Rh3+ Kg6 35.
Qc2+ Qf5 36. Rg4# 1-0

[Event "World Rapid Women 2017"]
[Site "Riyadh KSA"]
[Date "2017.12.28"]
[Round "12.33"]
[White "Michna, Marta"]
[Black "Zatonskih, Anna"]
[Result "0-1"]
[WhiteTitle "WGM"]
[BlackTitle "IM"]
[WhiteElo "2377"]
[BlackElo "2452"]
[WhiteFideId "1106686"]
[BlackFideId "14101572"]
[EventDate "2017.12.26"]

1. d4 d5 2. Bf4 Nf6 3. e3 c5 4. c3 Nc6 5. Nd2 cxd4 6. exd4 g6 7. Ngf3 Nh5 8. Be5
f6 9. Bg3 Bg7 10. Be2 O-O 11. O-O Be6 12. Re1 Bf7 13. Bb5 a6 14. Bxc6 bxc6 15.
Nb3 Nxg3 16. hxg3 Re8 17. g4 h6 18. Qd2 e5 19. g5 e4 20. gxf6 Bxf6 21. Ne5 Bxe5
22. dxe5 Rxe5 23. Qxh6 Rh5 24. Qf4 Kg7 25. Kf1 Qh8 26. Ke2 Rf8 27. Qe3 Kg8 28.
Nd4 Rh2 29. Nxc6 Qh4 30. g3 Qf6 31. Nd4 Be8 32. Rf1 Bd7 33. Qf4 Qe7 34. Qe3 Bh3
35. Rh1 Bg4+ 36. Kd2 Rfxf2+ 37. Qxf2 Rxf2+ 38. Ke3 Rf7 39. Raf1 Qg5+ 40. Rf4 Bd7 0-1

[Event "World Rapid Women 2017"]
[Site "Riyadh KSA"]
[Date "2017.12.28"]
[Round "12.34"]
[White "Ambartsumova, Karina"]
[Black "Szczepkowska, Karina"]
[Result "0-1"]
[WhiteTitle "WGM"]
[BlackTitle "IM"]
[WhiteElo "2359"]
[BlackElo "2419"]
[WhiteFideId "4166299"]
[BlackFideId "1122681"]
[EventDate "2017.12.26"]

1. d4 Nf6 2. c4 e6 3. Nf3 Bb4+ 4. Nc3 O-O 5. e3 d5 6. Bd3 b6 7. O-O Bb7 8. cxd5
exd5 9. Ne5 Nbd7 10. f4 c5 11. Ne2 cxd4 12. exd4 Ne4 13. Qb3 Be7 14. Nc3 Ndf6
15. Be3 Bd6 16. h3 Rc8 17. Rac1 Qe7 18. Rfe1 Nxc3 19. bxc3 Nh5 20. Qd1 g6 21.
Qf3 Nf6 22. f5 Ne4 23. f6 Qe6 24. Bxe4 dxe4 25. Qf4 Rfe8 26. Rf1 Ba6 27. Rf2 Bd3
28. Qh6 Bf8 29. Qh4 b5 30. Bh6 Ba3 31. Be3 Bf8 32. Bd2 a5 33. Re1 Qd5 34. Bh6
Ba3 35. Bd2 Bf8 36. Bh6 Bd6 37. Bf4 Bf8 38. Bd2 b4 39. cxb4 Qxd4 40. Nxf7 Kxf7
41. Qxh7+ Ke6 42. f7 Re7 43. Qxg6+ Kd7 44. Qg4+ Re6 45. bxa5 Rc2 46. Be3 Qc3 47.
Rd1 Rxf2 48. Bxf2 Qc2 49. Be3 Qxa2 50. Bb6 Qb3 51. Rc1 Bc4 52. Rd1+ Kc6 53. Rd8
Be7 54. f8=Q Bxf8 55. Rxf8 Bd5 56. Rc8+ Kb5 57. Qe2+ Ka4 58. Rc1 e3 59. Bc5 Qa2
60. Qe1 Qxg2# 0-1

[Event "World Rapid Women 2017"]
[Site "Riyadh KSA"]
[Date "2017.12.28"]
[Round "12.35"]
[White "Enkhtuul, Altan-Ulzii"]
[Black "Sukandar, Irine Kharisma"]
[Result "1/2-1/2"]
[WhiteTitle "WGM"]
[BlackTitle "IM"]
[WhiteElo "2344"]
[BlackElo "2384"]
[WhiteFideId "4901444"]
[BlackFideId "7101937"]
[EventDate "2017.12.26"]

1. d4 Nf6 2. Nf3 d5 3. c4 e6 4. g3 dxc4 5. Bg2 Bb4+ 6. Bd2 c5 7. O-O O-O 8. dxc5
Bxc5 9. Na3 Ne4 10. Nxc4 Nxd2 11. Qxd2 Qe7 12. a3 Rd8 13. Qc2 Nc6 14. e3 a6 15.
Rac1 Ba7 16. Rfd1 Bd7 17. Nd6 Rab8 18. b4 e5 19. Ne4 Bf5 20. Nh4 Bg4 21. Bf3
Bxf3 22. Nxf3 h6 23. Nc3 Qe6 24. Nd2 Rbc8 25. Qa2 Qxa2 26. Nxa2 Rd3 27. Nc4 Rcd8
28. Nc3 f6 29. Nb2 Rd2 30. Nc4 R2d3 31. Kf1 Kf7 32. Rxd3 Rxd3 33. Ke2 Rd7 34. b5
axb5 35. Nxb5 Ke6 36. Nxa7 Nxa7 37. Rb1 b5 38. Nd2 Rc7 39. Kd3 Rd7+ 40. Ke2 Rc7
41. Kd3 Rd7+ 42. Kc3 Rc7+ 43. Kd3 Rd7+ 44. Ke2 Rc7 45. Kd3 Rd7+ 46. Kc3 Rc7+ 47.
Kd3 Rd7+ 48. Ke2 Rc7 49. Kd3 Rd7+ 1/2-1/2

[Event "World Rapid Women 2017"]
[Site "Riyadh KSA"]
[Date "2017.12.28"]
[Round "12.36"]
[White "Doluhanova, Evgeniya"]
[Black "Kulon, Klaudia"]
[Result "0-1"]
[WhiteTitle "WGM"]
[BlackTitle "WGM"]
[WhiteElo "2352"]
[BlackElo "2370"]
[WhiteFideId "14112035"]
[BlackFideId "1131044"]
[EventDate "2017.12.26"]

1. d4 Nf6 2. Bf4 b6 3. e3 Bb7 4. Nd2 d6 5. Ngf3 Nbd7 6. h3 g6 7. Bd3 Bg7 8. O-O
O-O 9. e4 Re8 10. e5 dxe5 11. dxe5 Nd5 12. Bh2 Nc5 13. Bb5 c6 14. Be2 a5 15. c4
Nb4 16. a3 Nba6 17. Qc2 Bc8 18. Rad1 Bf5 19. Qc3 a4 20. Nd4 Bd7 21. N2f3 Qc8 22.
Qe3 Nc7 23. Bf4 N7e6 24. Bh6 Bh8 25. Nh4 Nxd4 26. Rxd4 Qc7 27. f4 Rad8 28. Bd1
Bc8 29. Rxd8 Rxd8 30. Bc2 f5 31. Nf3 Ba6 32. g4 Bxc4 33. Rf2 Ne4 34. Bxe4 fxe4
35. Nd2 Bd5 36. Nxe4 Bg7 37. Bxg7 Kxg7 38. Nc3 Bb3 39. f5 gxf5 40. gxf5 Kh8 41.
Rg2 Qd7 42. Kh2 Qxf5 43. Ne2 Rd3 44. Qxb6 Qxh3+ 45. Kg1 Rd1+ 46. Kf2 Qf5+ 47.
Kg3 Qxe5+ 48. Nf4 Rd3+ 49. Kg4 Bd1+ 0-1

[Event "World Rapid Women 2017"]
[Site "Riyadh KSA"]
[Date "2017.12.28"]
[Round "12.37"]
[White "Mamedjarova, Zeinab"]
[Black "Arakhamia-Grant, Ketevan"]
[Result "1-0"]
[WhiteTitle "WGM"]
[BlackTitle "GM"]
[WhiteElo "2363"]
[BlackElo "2350"]
[WhiteFideId "13401521"]
[BlackFideId "13600168"]
[EventDate "2017.12.26"]

1. d4 Nf6 2. Nf3 g6 3. g3 c5 4. Bg2 cxd4 5. Qxd4 Bg7 6. O-O O-O 7. c4 Nc6 8. Qh4
Qa5 9. Bg5 Qb4 10. Nc3 Qxb2 11. Rfc1 d6 12. Rab1 Qa3 13. Nd5 Ng4 14. Bxe7 Re8
15. h3 Nh6 16. g4 Nxe7 17. Nc7 Bd7 18. Nxa8 Qc5 19. Rxb7 Nef5 20. gxf5 Nxf5 21.
Qg5 Bc6 22. Rc7 Rxe2 23. Rc8+ Re8 24. Rxe8+ Bxe8 25. Qd8 1-0